| 000 | 01216cam a2200325 i 4500 | ||
|---|---|---|---|
| 001 | 18599085 | ||
| 003 | EG-ScBUE | ||
| 005 | 20250521081228.0 | ||
| 008 | 150501t2016 enka f b 001 0 eng d | ||
| 020 | _a9781783266616 | ||
| 040 |
_aEG-ScBUE _beng _erda _cEG-ScBUE _dEG-ScBUE |
||
| 082 | 0 | 4 |
_222 _a532.0527015195 _bLES |
| 100 | 1 |
_aLeschziner, Michael, _eauthor. |
|
| 245 | 1 | 0 |
_aStatistical turbulence modelling for fluid dynamics-demystified : _ban introductory text for graduate engineering students / _cMichael Leschziner, Imperial College London, UK. |
| 264 | 1 |
_aLondon : _bImperial College Press, _c[2016] |
|
| 264 | 4 | _cc2016 | |
| 300 |
_axv, 407 pages : _billustrations ; _c24 cm |
||
| 336 |
_2rdacontent _atext _btxt |
||
| 337 |
_aunmediated _2rdamedia _bn |
||
| 338 |
_avolume _bnc _2rdacarrier |
||
| 500 | _aIncludes appendix. | ||
| 504 | _aIncludes bibliographical references and index. | ||
| 650 | 7 |
_aTurbulence _xMathematical models. _2BUEsh |
|
| 650 | 7 |
_aUnsteady flow (Fluid dynamics) _xMathematical models. _2BUEsh |
|
| 650 | 7 |
_aFluid dynamics _xMathematical models. _2BUEsh _937981 |
|
| 650 | 7 |
_aEddies. _2BUEsh |
|
| 653 |
_bENGGEN _cDecember2016 |
||
| 655 | _vReading book | ||
| 942 |
_2ddc _cBB |
||
| 999 |
_c23505 _d23477 |
||